| 000 | 01427cam a22003735i 4500 | ||
|---|---|---|---|
| 999 |
_c173274 _d173274 |
||
| 001 | 19406258 | ||
| 003 | Nust | ||
| 005 | 20180117090020.0 | ||
| 008 | 161214s2016 pk ab b 000 0 eng | ||
| 010 | _a 2016348138 | ||
| 020 | _a9789698772024 | ||
| 025 | _aP-E-2016348138; 33; 04 | ||
| 037 | _bLibrary of Congress -- Islamabad Overseas Office | ||
| 040 |
_aDLC _beng _cDLC _erda |
||
| 042 | _alcode | ||
| 043 |
_aa-pk--- _aa-cc--- |
||
| 082 | _a337.5109154 | ||
| 245 | 0 | 0 |
_aChina-Pakistan economic corridor : _ba game changer / _cedited by Minhas Majeed Khan, Ahmad Rashid Malik, Saira Ijaz, Ume Farwa. |
| 264 | 1 |
_aIslamabad : _bInstiitute of Strategic Studies, _c2016. |
|
| 300 |
_a164 pages : _bcolor illustrations, maps ; _c24 cm |
||
| 336 |
_atext _btxt _2rdacontent |
||
| 337 |
_aunmediated _bn _2rdamedia |
||
| 338 |
_avolume _bnc _2rdacarrier |
||
| 504 | _aIncludes bibliographical references. | ||
| 700 | 1 |
_aKhan, Minhas Majeed, _eeditor. |
|
| 700 | 1 |
_aMalik, Ahmad Rashid, _eeditor. |
|
| 700 | 1 |
_aIjaz, Saira, _eeditor. |
|
| 700 | 1 |
_aFarwa, Ume, _eeditor. |
|
| 710 | 1 | _aInstitute of Strategic Studies (Islāmābād, Pakistan) | |
| 906 |
_a0 _bibc _corigode _d3 _encip _f20 _gy-gencatlg |
||
| 942 |
_2ddc _cBK |
||